International Financial Management. (Record no. 349771)

000 -LEADER
fixed length control field 00607nam a22002417a 4500
003 - CONTROL NUMBER IDENTIFIER
control field OSt
005 - DATE AND TIME OF LATEST TRANSACTION
control field 20180116182959.0
008 - FIXED-LENGTH DATA ELEMENTS--GENERAL INFORMATION
fixed length control field 140905b xxu||||| |||| 00| 0 eng d
020 ## - INTERNATIONAL STANDARD BOOK NUMBER
International Standard Book Number 9788120345867
022 ## - INTERNATIONAL STANDARD SERIAL NUMBER
International Standard Serial Number 9788120345867
040 ## - CATALOGING SOURCE
Transcribing agency 0
050 ## - LIBRARY OF CONGRESS CALL NUMBER
Classification number 658.15'99
082 ## - DEWEY DECIMAL CLASSIFICATION NUMBER
Classification number 658.15'99
100 ## - MAIN ENTRY--PERSONAL NAME
Personal name Sharan,Vyuptakesh
245 ## - TITLE STATEMENT
Title International Financial Management.
Statement of responsibility, etc. Vyuptakesh Sharan
250 ## - EDITION STATEMENT
Edition statement 6th.
260 ## - PUBLICATION, DISTRIBUTION, ETC.
Place of publication, distribution, etc. Delhi
Name of publisher, distributor, etc. PHI Learning.
Date of publication, distribution, etc. 2013
300 ## - PHYSICAL DESCRIPTION
Extent 558p.
500 ## - GENERAL NOTE
General note Paper Cover
600 ## - SUBJECT ADDED ENTRY--PERSONAL NAME
Personal name Sharan,Vyuptakesh
700 ## - ADDED ENTRY--PERSONAL NAME
Personal name Sharan,Vyuptakesh
942 ## - ADDED ENTRY ELEMENTS (KOHA)
Source of classification or shelving scheme
Koha item type Book
Call number prefix 658.15'99
Holdings
Withdrawn status Lost status Source of classification or shelving scheme Damaged status Not for loan Collection code Permanent Location Current Location Shelving location Date acquired Total Checkouts Full call number Barcode Date last seen Price effective from Koha item type
            Central Library (CL) Central Library (CL) General Stacks 09/05/2014   658.15'99 SHA NBS9155 09/05/2014 09/05/2014 Book
© 2023 Central Library, National University of Sciences and Technology. All Rights Reserved.